|
|
|
|
| LEADER |
01403nam a2200385 a 4500 |
| 001 |
000710528 |
| 003 |
CZ BrMZK |
| 005 |
20040416120455.0 |
| 007 |
ta |
| 008 |
040405s2003 xr a e c 000 0dcze d |
| 020 |
|
|
|q (složeno)
|
| 040 |
|
|
|a BOE303
|b cze
|d BOA001
|
| 043 |
|
|
|a e-xr---
|
| 072 |
|
7 |
|a 75
|x Malířství
|2 Konspekt
|9 21
|
| 080 |
|
|
|a 75.036/.038
|2 MRF
|
| 080 |
|
|
|a (437.3)
|2 MRF
|
| 080 |
|
|
|a (083.824)
|2 MRF
|
| 080 |
|
|
|a 929
|2 MRF
|
| 080 |
|
|
|a 75.071.1
|2 MRF
|
| 080 |
|
|
|a 75(437.3)
|2 MRF
|
| 100 |
1 |
|
|a Pěchouček, Michal,
|d 1973-
|7 jn20000402081
|4 ill
|
| 245 |
1 |
0 |
|a Michal Pěchouček :
|b Sběratel : [Brno, Atrium Pražákova paláce od 17.4. do 15.6.2003 : katalog výstavy ; text Tomáš Pospiszyl]
|
| 246 |
3 |
3 |
|a Sběratel
|
| 246 |
3 |
3 |
|a Michal Pěchouček - Sběratel
|
| 260 |
|
|
|a Brno :
|b Moravská galerie,
|c 2003
|
| 300 |
|
|
|a 1 složený l. :
|b barev. il. ;
|c 30 cm
|
| 600 |
1 |
7 |
|a Pěchouček, Michal,
|d 1973-
|7 jn20000402081
|2 czenas
|
| 650 |
0 |
7 |
|a malíři
|7 ph122596
|z Česko
|2 czenas
|
| 650 |
0 |
7 |
|a české malířství
|7 ph116864
|y 20.-21. stol.
|2 czenas
|
| 650 |
0 |
7 |
|a moderní malířství
|7 ph122940
|z Česko
|2 czenas
|
| 655 |
|
7 |
|a katalogy výstav
|7 fd132536
|2 czenas
|
| 700 |
1 |
|
|a Pospiszyl, Tomáš,
|d 1967-
|7 jo2004232821
|4 aut
|
| 910 |
|
|
|a BOA001
|b 4-1133.434
|
| 990 |
|
|
|a BK
|
| 996 |
6 |
|
|b 2610216818
|c 4-1133.434
|l MZK
|r Sklad / do 1 hodiny
|n 7
|p p.v.
|w 000710528
|u 000010
|a 1
|e BOA001
|j MZK50
|s P
|